Culture Générale - Série 576 - Statistiques

Statistiques générales
  • Ce quiz a été pris 163 fois
  • Le résultat moyen est 7 sur 10
Statistiques - réponses
Question Réponse % Correct
Quand on s'entraide, on dit aussi qu'on se serre les... coudes
98%
Dans quel sport peut-on jouer pilier, demi d'ouverture ou trois-quarts ? rugby
96%
De quel animal de basse-cour dit-on qu'il cancane lorsqu'il crie ? canard
86%
Avec quel alcool prépare-t-on un daiquiri ? rhum
82%
Sur quelle île se trouve la montagne Pelée ? Martinique
79%
Quel instrument de musique est surnommé : la "guitare hawaïenne" ? ukulélé
77%
Quel pays se cache dans la "niche" ? Chine
76%
En 2008, quelle comédienne lyonnaise, prénommée Sylvie, endosse le rôle de Françoise Sagan ? Sylvie Testud
53%
En 2001, avec quelle chanteuse, Étienne Daho interprète-t-il : "Comme un boomerang" ? Dani
45%
Quel homme politique français est ministre de la Police sous le Directoire, le Consulat puis l'Empire ? Joseph Fouché
21%
Aucun quiz correspondant
Distribution des résultats
% des personnes avec chaque résultat
Percentile par nombre de réponses
Votre historique - résultats
Vous n’avez pas pris ce quiz